000 01062nam a2200301Ia 4500
005 20210727153002.0
008 121119s1985 v a gr 000 j spa
020 _a9802570710
041 0 _aspa
245 0 3 _aEl tigre y el cangrejo
_bcuento de la tribu Pemon
_crecopilado por Fray Cesáreo de Armellada ; adaptado por Verónica Uribe ; ilustraciones Laura Liberatore
250 _aPrimera edición
264 1 _aCaracas
_bEdiciones Ekar
_c1985
300 _a36 páginas
_bilustaciones
_c21 cm.
336 _atexto
_btxt
_2rdacontent
337 _asin mediación
_bn
_2rdamedia
338 _avolumen
_bnc
_2rdacarrier
490 0 _aNarraciones indígenas
650 1 4 _2LEMB
_aLeyendas indígenas
_zVenezuela
650 1 4 _2LEMB
_aLiteratura infantil
650 1 4 _2LEMB
_aAnimales
_vCuentos
650 1 4 _2LEMB
_aTigres
_vCuentos
700 1 _aArmellada, Cesáreo de, Fray
_ecompilador
700 1 _aUribe, Verónica
_eadaptador
700 1 _aLiberatore, Laura
_eilustrador
942 _2loc
_cBKLIT
040 _aCO-BoRNBP
_bspa
_erda
_cCO-BoRNBP
084 _aC TIG1
999 _c397
_d397